00674nam a2200205Ia 4500003000400000008004100004020002300045040000800068100002000076245008500096260002900181300001500210365001100225901002100236902003500257903005800292942001200350952008900362999001700451LDD181029s9999 xx 000 0 und d a067005870Xc450.00 cLDD aFernandes, Edna 0aHoly Warriorsba journey into the heart of Indian fundamentalismcEdna Fernandes aNew DelhibPenguinc2006 axxiii, 316 b450.00 a3479b13-11-2006 a0815b28-11-2006cFdAAKARe32 aDiscount-10bReqst by : Gopal, D. (Dr.)  2ddccBK 00102ddc4070976805aLDDbLDDl0o297.72 F39Hp060134r2018-11-01w2018-11-01yBK c76806d76806